| 000 | 00871nam a2200241 4500 | ||
|---|---|---|---|
| 003 | OSt | ||
| 005 | 20260601193848.0 | ||
| 008 | 260507b2002 mx a|||| |||| 00| 0 spa d | ||
| 020 | _a9688594687 | ||
| 040 |
_aICI _bspa _cICI |
||
| 041 | _aspa | ||
| 050 |
_aNA757.M49 _bF56 |
||
| 100 | 1 |
_aFlores Garcia, Marisol, _eautor _931786 |
|
| 245 | 1 |
_aGuia de recorridos urbanos en la colonia Hipodromo / _cMarisol Flores Garcia |
|
| 264 |
_aMéxico, D.F. : _bUniversidad Iberoamericana, _bInstituto Nacional de Bellas Artes y Literatura. _c2002 |
||
| 300 |
_a206 páginas : _bilustraciones |
||
| 336 |
_atexto _2rdacontent |
||
| 337 |
_asin medio _2rdamedia |
||
| 338 |
_avolumen _2rdacarrier |
||
| 650 |
_aArquitectura _vCatálogos _zCiudad de México _931787 |
||
| 651 |
_aColonia Hipodromo (Distrito Federal) _vCatalogos _xEdificios, estructuras, etc. _931788 |
||
| 942 |
_2lcc _cB _n1 |
||
| 999 |
_c21730 _d21730 |
||